Villes de l'Australie A-Z - Statistiques

Statistiques générales
  • Ce quiz a été pris 68 fois
  • Le résultat moyen est 8 sur 23
Statistiques - réponses
Lettre Villes % Correct
C Canberra / Cranbourne / Cairns / Carnarvon / Caloundra / Coffs Harbour / Cessnock / Coolum Beach / Caboolture / Casino / Croydon / Colac
97%
S Sydney / Sunshine Coast / Shepparton / Sunbury / Shoalhaven / Singleton / Stawell / Sale / Swan Hill / Seymour
94%
B Brisbane / Broome / Burnie / Broken Hill / Ballarat / Bendigo / Bunbury / Bundaberg / Bathurst / Ballina / Bowral / Busselton / Batemans Bay / Byron Bay / Brighton / Bairnsdale / Benalla
90%
A Adélaïde / Albury / Albany / Alice Springs / Armidale / Atherton / Auburn / Annandale / Ararat
87%
M Melbourne / Mandurah / Mount Isa / Mount Barker / Mount Gambier / Mackay / Maitland / Melton / Mildura / Maryborough / Mittagong / Murray / Mareeba / Moranbah
86%
P Perth / Portland / Port Hedland / Port Lincoln / Port Macquarie / Port Pirie / Port Augusta / Palmerston
81%
D Darwin / Deception Bay / Dubbo / Devonport
65%
G Gladstone / Geelong / Gold Coast / Geraldton / Goulburn / Gawler / Grafton / Gatton / Gympie / Glen Innes
52%
H Hervey Bay / Hobart / Hamilton / Horsham / Hastings
49%
N Newcastle / Nowra-Bomaderry / Nambucca Heads / Narrabri / Nelson Bay
30%
T Toowoomba / Townsville / Torquay / Tamworth / Traralgon / Taree
22%
W Warnambool / Wollongong / Wagga Wagga / Whyalla / Windsor / Warwick / Woolgoolga / Wodonga / Warragul
19%
L Launceston / Lismore / Logan City / Leeton / Liverpool / Lithgow / Lidcombe
17%
K Kingston / Kiama / Kalgoorlie-Boulder / Karratha / Kelso / Kempsey / Katherine
10%
R Rockhampton / Richmond
10%
O Orange / Ocean Shores
6%
Y Yeppoon / Young / Yarrawonga
6%
E Esperance / Emerald / Epsom
5%
I Innisfail / Inverell / Ipswich
3%
Q Queanbeyan
3%
U Ulladulla
3%
V Victor Harbor
3%
F Forster / Forbes
2%
Aucun quiz correspondant
Distribution des résultats
% des personnes avec chaque résultat
Percentile par nombre de réponses
Votre historique - résultats
Vous n’avez pas pris ce quiz